| 000 | 00000nam##2200000za#4500 |
| 001 | 9.579461 |
| 003 | CaOODSP |
| 005 | 20210624190556 |
| 007 | cr ||||||||||| |
| 008 | 150406|1985||||xxc|||||o f|0| 0 eng|d |
| 040 | |aCaOODSP|beng |
| 043 | |an-cn--- |
| 086 | 1 |aEn49-2/1-2E-PDF |
| 110 | 1 |aCanada. |bEnvironment Canada. |bEnvironmental Protection Service. |
| 245 | 10|aFires in electrical equipment containing PCBs : |h[electronic resource]|brecommendations to prevent contamination by PCDFs / |cprepared by Jean M. Carbonneau. |
| 250 | |aFirst edition |
| 260 | |aOttawa - Ontario : |bEnvironment Canada. |cMarch 1985. |
| 300 | |a47p.|bfig., references, tables |
| 490 | 1 |aEnvironmental protection series. [Commercial chemicals]|vEPS 1/CC/2 |
| 500 | |aThe catalogue number (En49-2/1-2) and ISBN (0-662-53590-1) for the bilingual print edition have been copied in this electronic publication. |
| 590 | |a14-21-Supp|b2014-12-11 |
| 690 | 07|aPollution prevention|2gcpds |
| 690 | 07|aElectrical equipment|2gcpds |
| 690 | 07|aFire|2gcpds |
| 690 | 07|aToxic substances|2gcpds |
| 775 | 08|tLes incendies dans le matériel électrique contenant des PCB : |w(CaOODSP)9.607010 |
| 830 | #0|aEnvironmental protection series. [Commercial chemicals]|vEPS 1/CC/2|w(CaOODSP)9.504769 |
| 856 | 40|ahttp://publications.gc.ca|qPDF|s1.50 MB|uhttps://publications.gc.ca/collections/collection_2014/ec/En49-2-1-2-eng.pdf|yEPS 1/CC/2 |